Suicide as a weapon (Record no. 128548)
[ view plain ]
| 000 -LEADER | |
|---|---|
| fixed length control field | 01789nam a2200373Ia 4500 |
| 082 04 - DEWEY DECIMAL CLASSIFICATION NUMBER | |
| Classification number | 363.325 |
| 245 10 - TITLE STATEMENT | |
| Title | Suicide as a weapon |
| 260 ## - PUBLICATION, DISTRIBUTION, ETC. (IMPRINT) | |
| Place of publication | Amsterdam ; |
| -- | Washington, DC : |
| Name of publisher | IOS Press, |
| Year of publication | c2007. |
| 300 ## - PHYSICAL DESCRIPTION | |
| Number of Pages | xii, 185 p. : |
| Other physical details | ill, maps. |
| 490 1# - SERIES STATEMENT | |
| Series statement | NATO science for peace and security series. Sub-series E, |
| -- | Human and societal dynamics ; |
| 500 ## - GENERAL NOTE | |
| General note | "Proceedings of the NATO Advanced Research Workshop on Motivation for Suicide Bombers, Ankara, Turkey, 24-25 May 2007."--T.p. verso. |
| 650 #0 - SUBJECT ADDED ENTRY--TOPICAL TERM | |
| Topical Term | Suicide bombers |
| Topical Term | Suicide bombings |
| Topical Term | Terrorism |
| 856 40 - ELECTRONIC LOCATION AND ACCESS | |
| Uniform Resource Identifier | http://site.ebrary.com/lib/rucke/Doc?id=10216833 |
No items available.
